000 00984nam a2200277Ia 4500
003 OSt
005 20221005022740.0
006 a|||||r|||| 00| 0
007 ta
008 221004b |||||||| |||| 00| 0 eng d
020 _a978 90 272 3243 4 (hbk)
_c8746.39
024 _a96036
037 _b26841, 09/01/2009, Segment Book Distributors
_cTextual
040 _aCRL
_cCRL
_beng
041 _2eng
_aeng
082 _aP99(Y:386), P7
100 _aMacLaury Robert E. Ed.
_9578590
245 0 _aAnthropology of color
_b Interdiscilinary multilevel modeling
260 _aAmsterdam
_bJohn Benjamins Publishing Company The Netherlands
_c2007
300 _axx, 485p.
_ccm.
650 _aLINGUISTICS
700 _a Dedrick Don Ed.
_9578591
700 _a Paramei Galina V. Ed.
_9578592
942 _hP99(Y:386), P7
_cTEXL
_2cc
999 _c929969
_d929969